000 00686nam a22002057a 4500
003 OSt
005 20251021011003.0
008 251021b |||||||| |||| 00| 0 eng d
020 _a0-06-109475-7
040 _aDWCL - Main lib
_cOC
082 _aCirc. 291.4 D996 1995
100 _aDyer, W.
245 _aYour sacred self:
_bmaking the decision to be free
_cDYER , DR. WAYNE W.
260 _aNew York :
_bHarper Collins Publishers,
_c c1995
300 _axii, 382 pages :
_c17 cm.
504 _aIncludes index.
650 _2Self-actualization (Psychology)
650 _2Spiritual life
942 _2ddc
_cBK-CIRC
_hCirc. 291.4 D996 1995
_kCirc.
_n0
999 _c4941
_d4941